E-aukcie a aukčné portály
E-aukcie ako internetové aukcie: anglická, holandská, čínska a Vickreyova aukcia. Aukčné portály. Aukčný portál eBay a počet jeho používateľov v období 2010-2016. Porovnanie najväčších internetových obchodov eBay.com a Amazon.com: poplatky, forma predaja, priemerná predajná cena, priebeh nákupu, spô...
Gespeichert in:
| 1. Verfasser: | |
|---|---|
| Format: | Buchkapitel |
| Sprache: | Slowakisch |
| Schlagworte: | |
| Tags: |
Keine Tags, Fügen Sie das erste Tag hinzu!
|
MARC
| LEADER | 00000naa$a2200000$$$4500 | ||
|---|---|---|---|
| 001 | 0250706 | ||
| 005 | 20240502074022.9 | ||
| 041 | 0 | |a slo | |
| 044 | |a SK | ||
| 245 | 1 | 0 | |a E-aukcie a aukčné portály |c Jamal Hasan |
| 520 | |a E-aukcie ako internetové aukcie: anglická, holandská, čínska a Vickreyova aukcia. Aukčné portály. Aukčný portál eBay a počet jeho používateľov v období 2010-2016. Porovnanie najväčších internetových obchodov eBay.com a Amazon.com: poplatky, forma predaja, priemerná predajná cena, priebeh nákupu, spôsob platby, spätná väzba, opis a snímky produktov, reklamačné podmienky. | ||
| 610 | 2 | 0 | |a aukcie |
| 610 | 2 | 0 | |a obchod elektronický |
| 610 | 2 | 0 | |a obchod |
| 610 | 2 | 0 | |a nákup elektronický |
| 610 | 2 | 0 | |a internet |
| 100 | 1 | |a Hasan, Jamal | |